Statistics for Fairly Oddparents Theme Song

Click here to take the quiz!

General Stats

  • This quiz has been taken 2,071 times
    (2,067 since last reset)
  • The average score is 5 of 14

Answer Stats

HintAnswer% Correct
Timmy is an _______ ___, that no one understandsaverage kid
92%
Mom and Dad and Vicky always giving him ________commands
84%
By his magic little fish who grant his every wish, 'Cause __ _______ they are hisin reality
62%
hot ___rod
46%
Yeah, _____! *Bop!*right
37%
Obtuse, _____ ______,rubber goose
37%
green moose, _____ _____guava juice
34%
Odd parents, fairly odd parents! Wands and wings. _______ crowny thingsfloating
33%
______ ______, birthday cake, large fry, chocolate shakegiant snake
33%
But gloom and doom up in his room, is ____ ______broken instantly
23%
____ bod,buff
17%
P__ ___ea pod
17%
Odd parents, fairly odd parents! It _____ ____ _____when you are a kid with fairly odd parents!flips your lid
15%
Odd parents, fairly odd parents! _____ ____really mod
7%

Score Distribution

Percentile by Number Answered

Percent of People with Each Score

Your Score History

You have not taken this quiz since the last reset